Acta Historica Tomus VI.

Elmentve itt :
Bibliográfiai részletek
További közreműködők: Mérei Gyula
Dokumentumtípus: Folyóirat
Megjelent: 1959
Sorozat:Acta Universitatis Szegediensis : acta historica 6
Kulcsszavak:Magyarország története - 20. sz.
Online Access:http://acta.bibl.u-szeged.hu/37038
LEADER 00565nas a2200169 i 4500
001 acta37038
005 20210913154934.0
008 161201s1959 hu o 0|| hun d
040 |a SZTE Egyetemi Kiadványok Repozitórium  |b hun 
041 |a hun 
245 0 0 |a Acta Historica   |h [elektronikus dokumentum] :  |b Tomus VI. 
260 |c 1959 
300 |a 80 
490 0 |a Acta Universitatis Szegediensis : acta historica  |v 6 
695 |a Magyarország története - 20. sz. 
700 0 1 |a Mérei Gyula 
856 4 0 |u http://acta.bibl.u-szeged.hu/37038/1/historica_006.pdf  |z Dokumentum-elérés